Obálka Náhled e-knihy:
PDF Epub
Pro půjčování e-knih musíte být přihlášeni.
Jak si půjčit online?

ERROR_Mini-série /

Proč se nejednou zamilováváme tam, kde z toho číhá průšvih až do nebes, a ne do „dokonalých protějšků“?Naše tělo vytváří pocity, které nás bez našeho souhlasu nejednou vrhají do chaosu. Možná má Amor špatnou mušku… Nebo je „zamilovanost“ spíš než věcí kouzla výsledkem chemického programování našeho...

Celý popis

Uloženo v:
Série:ERROR, část 3
Hlavní autor: Stodůlka, Stanislav (Autor)
Médium: E-kniha
Jazyk:Czech
Vydáno: Praha : Jonathan Livingston, 2025
Příbuzné jednotky:Z cyklu:: ERROR
Tagy:
Žádné tagy
LEADER 02728nam a22002417i 4500
001 312630
007 ta
008 260601s2025 xr ||||| |||| 00| 0 cze d
020 |a 9788075513731 
044 |a xr 
100 1 |a  Stodůlka, Stanislav  |4 aut 
245 1 0 |a ERROR_Mini-série /  |c  Stodůlka, Stanislav 
264 1 |a Praha :  |b Jonathan Livingston,  |c 2025 
300 |a 1 online zdroj (36 stran) 
336 |a text  |b txt  |2 rdacontent 
337 |a bez média  |b n  |2 rdamedia 
338 |a online zdroj  |b cr  |2 rdacarrier 
520 2 |a Proč se nejednou zamilováváme tam, kde z toho číhá průšvih až do nebes, a ne do „dokonalých protějšků“?Naše tělo vytváří pocity, které nás bez našeho souhlasu nejednou vrhají do chaosu. Možná má Amor špatnou mušku… Nebo je „zamilovanost“ spíš než věcí kouzla výsledkem chemického programování našeho těla.V této vtipné a odhalující miniknize poodhalíme tajemství zamilovanosti, lásky a všeho mezi tím. Od prvního vzrušení, které ve vašem mozku vyvolá „koktejl lásky“, až po nevyhnutelné odložení růžových brýlí. Tato kniha zkoumá podvědomé programy, které mají na svědomí vaše romantické volby − a občas i vaše zlomené srdce.Co v knize objevíte:???? Proč se vaše tělo zamiluje do nesprávné osoby (a proč to není vaše chyba).???? Jak vás „droga lásky“ oklame, že váš protějšek je dokonalý („spoiler“: není dokonalý).???? Jak programy v hlavě vedou k žárlivosti, lenosti ve vztazích a nesplněným očekáváním.❤️ Proč je nezávislost klíčem ke zdravému a trvalému vztahu.???? Jak vědomě pracovat s reprodukčním programem a nenechat tělo řídit váš milostný život.S příběhy, které vás osloví, humornými postřehy a praktickými radami vám ???? ERROR minisérie: tělesné programy a partnerství pomůže rozklíčovat záhady lásky. Ať už jste nezadaní, randíte, nebo jste vdaní/ženatí, tato kniha vás rozesměje, přinutí k zamyšlení a překvapí, když poznáte něco ze svého vlastního „romantického naprogramování“.Pochopení lásky totiž není jen o hledání „toho pravého“ – je to především o porozumění sobě samému. 
787 0 8 |g 3  |i Z cyklu:  |t ERROR 
910 |a RBIT002 
998 |d 417218  |a https://core.palmknihy.cz/api/books/417218/cover?sr80fn  |b https://core.palmknihy.cz/api/books/417218/cover/400?sr80fn  |c https://core.palmknihy.cz/api/books/417218/cover/50?sr80fn  |e 2029-02-05  |g 36  |i 9788075513731  |j https://core.palmknihy.cz/api/books/417218/preview.epub  |k https://core.palmknihy.cz/api/books/417218/preview.pdf  |l   |q 0  |r 1  |s https://www.palmknihy.cz/kniha/417218  |t ebook  |y 2025  |z 1  |v ERROR  |w 3 
999 |d 312628